| 000 | 01033nac a22002651u 4500 | ||
|---|---|---|---|
| 010 | _a2002026559 | ||
| 020 | _a007249798X | ||
| 020 | _a0071199020 | ||
| 082 | 0 | 0 |
_a621.402 _bS9639 |
| 090 |
_c932 _d932 |
||
| 100 | _aSuryanarayana, N. V. | ||
| 245 | 1 | 0 |
_aDesign & simulation of thermal systems / _cN.V. Suryanarayana, OÌ(ner Arici. |
| 246 | 3 | 0 | _aThermal systems |
| 246 | 3 | 0 | _aDesign and simulation of thermal systems |
| 260 |
_aBoston : _bMcGraw-Hill, _cc2003. |
||
| 300 |
_axiv, 530 p. : _bill. ; _c24 cm. |
||
| 504 | _aIncludes bibliographical references and index. | ||
| 650 | 0 | _aHeat engineering. | |
| 650 | 0 | _aEngineering design. | |
| 700 | 1 | _aArici, OÌ(ner. | |
| 856 | 4 | 2 |
_3Publisher description _uhttp://www.loc.gov/catdir/description/mh024/2002026559.html |
| 856 | 4 | 2 |
_3Table of contents _uhttp://www.loc.gov/catdir/toc/mh023/2002026559.html |
| 942 |
_cBB _k621.402S9639 |
||
| 999 |
_c932 _d932 |
||